KOHA-Header-6

Introduction To Company Law (Record no. 1968)

000 -LEADER
fixed length control field 00300nam a2200121Ia 4500
008 - FIXED-LENGTH DATA ELEMENTS--GENERAL INFORMATION
fixed length control field 190723s9999 xx 000 0 und d
020 ## - INTERNATIONAL STANDARD BOOK NUMBER
International Standard Book Number 969-8519-01-7
100 ## - MAIN ENTRY--PERSONAL NAME
Personal name Nazeer Ahmed Shaheen
245 #0 - TITLE STATEMENT
Title Introduction To Company Law
260 ## - PUBLICATION, DISTRIBUTION, ETC. (IMPRINT)
Place of publication, distribution, etc Karachi
Name of publisher, distributor, etc Petiwala
Date of publication, distribution, etc 2017
300 ## - PHYSICAL DESCRIPTION
Extent 356:p
942 ## - ADDED ENTRY ELEMENTS (KOHA)
Koha item type Books
Holdings
Withdrawn status Lost status Damaged status Not for loan Collection code Permanent Location Current Location Shelving location Date acquired Total Checkouts Full call number Barcode Date last seen Date checked out Price effective from Koha item type
        Law MAJU MAJU Shelf No.A46 2019-07-23 1 346.41 8591 2025-07-14 2025-02-15 2019-07-23 Law

Powered by Koha